World Cup 2026 Groups - Statistics

General Stats
  • This quiz has been taken 73 times
  • The average score is 40 of 48
Answer Stats
Hint Answer % Correct
Group B Canada
100%
Group A Mexico
100%
Group D United States
100%
Group C Scotland
93%
Group A South Korea
93%
Group B Bosnia and Herzegovina
91%
Group C Brazil
91%
Group L England
91%
Group F Japan
91%
Group C Morocco
91%
Group F Netherlands
91%
Group G Belgium
89%
Group L Croatia
89%
Group E Germany
89%
Group H Spain
89%
Group B Switzerland
89%
Group A Czech Republic
87%
Group I France
87%
Group I Norway
87%
Group K Portugal
87%
Group B Qatar
87%
Group F Sweden
87%
Group D Turkiye
87%
Group J Argentina
85%
Group I Senegal
85%
Group J Algeria
83%
Group D Australia
83%
Group J Austria
83%
Group L Ghana
83%
Group G Iran
83%
Group D Paraguay
83%
Group A South Africa
83%
Group H Uruguay
83%
Group K Colombia
80%
Group G Egypt
80%
Group I Iraq
78%
Group L Panama
76%
Group F Tunisia
76%
Group E Curaçao
74%
Group C Haiti
74%
Group E Ivory Coast
74%
Group K D.R. Congo
72%
Group G New Zealand
72%
Group H Saudi Arabia
72%
Group E Ecuador
67%
Group K Uzbekistan
67%
Group J Jordan
65%
Group H Cape Verde
63%
No matching quizzes found
Score Distribution
Percent of People with Each Score
Percentile by Number Answered
Your Score History
You have not taken this quiz